Atomausstieg: the withdrawal of Germany from nuclear energy and its impact on energy security and the diversification of energy supply

Analýza dopadu odklonenia sa od výroby nukleárnej energie na Nemecko a očakávaný prejav na surovinovej závislosi z okolitých krajín. Predpokladané scenáre vývoja energetického zabezpečenia Nemecka do r. 2030 pri zohľadnení Ruska ako hlavného dodávateľa energie a tiež využitia obnoviteľných zdrojov v...

Descripción completa

Guardado en:
Detalles Bibliográficos
Autor principal: Schejbalová, Barbora
Otros Autores: Černoch, Filip
Formato: Capítulo de libro
Lenguaje:inglés
Materias:
Etiquetas: Agregar Etiqueta
Sin Etiquetas, Sea el primero en etiquetar este registro!

MARC

LEADER 00000naa a2200000 4500
001 0183953
005 20231208103939.7
041 0 |a eng 
044 |a SK 
245 1 0 |a Atomausstieg: the withdrawal of Germany from nuclear energy and its impact on energy security and the diversification of energy supply  |c Barbora Schejbalová, Filip Černoch 
520 |a Analýza dopadu odklonenia sa od výroby nukleárnej energie na Nemecko a očakávaný prejav na surovinovej závislosi z okolitých krajín. Predpokladané scenáre vývoja energetického zabezpečenia Nemecka do r. 2030 pri zohľadnení Ruska ako hlavného dodávateľa energie a tiež využitia obnoviteľných zdrojov v stále väčšom objeme. 
610 2 0 |a Nemecko 
610 2 0 |a Rusko 
610 2 0 |a energia 
610 2 0 |a bezpečnosť energetická 
610 2 0 |a politika energetická 
610 2 0 |a diverzifikácia 
610 2 0 |a suroviny 
610 2 0 |a zdroje energie obnoviteľné 
610 2 0 |a zdroje energetické 
100 1 |a Schejbalová, Barbora 
700 1 |a Černoch, Filip